Top 30 Countries with surname Jones - Statistics

General Stats
  • This quiz has been taken 64 times
  • The average score is 19 of 30
Answer Stats
Population Answer % Correct
95,808 Australia
100%
62,958 Canada
100%
1,455,165 United States
100%
5,672 Ireland
98%
9,912 New Zealand
98%
262,805 England
94%
58,554 South Africa
94%
13,257 Scotland
90%
86,331 Wales
86%
6,747 France
84%
3,876 Spain
81%
14,659 Brazil
76%
12,261 Jamaica
75%
5,241 Argentina
71%
3,851 Northern Ireland
71%
6,360 Mexico
70%
74,736 Nigeria
63%
8,867 Kenya
56%
15,656 Ghana
44%
3,716 Trinidad and Tobago
44%
14,230 Liberia
43%
10,456 Uganda
43%
3,212 Malaysia
38%
2,965 Haiti
33%
2,960 Poland
32%
3,439 Mozambique
30%
21,398 Sierra Leone
30%
4,124 Sudan
29%
4,799 Togo
27%
5,729 Papua New Guinea
25%
No matching quizzes found
Score Distribution
Percent of People with Each Score
Percentile by Number Answered
Your Score History
You have not taken this quiz